| 000 | 01460cam a2200409 i 4500 | ||
|---|---|---|---|
| 001 | 200468153 | ||
| 003 | TR-AnTOB | ||
| 005 | 20260416143530.0 | ||
| 007 | ta | ||
| 008 | 260416s1974 nyuaf b 001 0beng | ||
| 010 | _a 72087659 //r912 | ||
| 020 |
_a0671214624 _q(hardback) |
||
| 035 | _a(NjP)1258054-princetondb | ||
| 035 | _z(OCoLC)1515499 | ||
| 035 | _z(NjP)Voyager1258054 | ||
| 035 | _a(OCoLC)ocm01078271 | ||
| 035 | _a(TR-AnTOB)200468153 | ||
| 040 |
_aDLC _beng _erda _cDLC _dPUL _dTR-AnTOB |
||
| 041 | 0 | _aeng | |
| 043 | _an-us--- | ||
| 050 | 0 | 4 |
_aPS1331 _b.K3653 1974 |
| 090 |
_aPS1331 _b.K3653 1974 |
||
| 100 | 1 |
_aKaplan, Justin _eauthor _4aut _0http://id.loc.gov/authorities/names/n80046700 _9153485 |
|
| 245 | 1 | 0 |
_aMark Twain and his world / _cJustin Kaplan. |
| 264 | 1 |
_aNew York : _bSimon and Schuster, _c[1974] |
|
| 300 |
_a224 pages, [16] leaves of plates : _billustrations ; _c26 cm |
||
| 336 |
_atext _btxt _2rdacontent |
||
| 337 |
_aunmediated _bn _2rdamedia |
||
| 338 |
_avolume _bnc _2rdacarrier |
||
| 504 | _aBIBINDX | ||
| 600 | 1 | 0 |
_aTwain, Mark, _d1835-1910 _0http://id.loc.gov/authorities/names/n79021164 _9116971 |
| 650 | 0 |
_aAuthors, American _y19th century _vBiography _0http://id.loc.gov/authorities/subjects/sh2007100461 _935019 |
|
| 651 | 0 |
_aUnited States _xCivilization _y19th century _0http://id.loc.gov/authorities/subjects/sh85139939 _9153739 |
|
| 942 |
_2lcc _cBK |
||
| 999 |
_c200468153 _d86365 |
||